La literatura rusa / (Record no. 198372)

MARC details
000 -LEADER
campo de control de longitud fija 01179nam a2200337 i 4500
001 - NÚMERO DE CONTROL
campo de control 198372
003 - IDENTIFICADOR DE NÚMERO DE CONTROL
campo de control ES-MaACL
005 - FECHA Y HORA DE LA ÚLTIMA TRANSACCIÓN
campo de control 20260525182349.0
007 - CAMPO FIJO DE DESCRIPCIÓN FÍSICA--INFORMACIÓN GENERAL
campo de control de longitud fija ta
008 - DATOS DE LONGITUD FIJA--INFORMACIÓN GENERAL
campo de control de longitud fija 260525s1958 sp ||||| |||| 001 0 spa d
040 ## - FUENTE DE CATALOGACIÓN
Centro catalogador/agencia de origen ES-MaACL
Lengua de catalogación spa
Centro/agencia transcriptor ES-MaACL
Normas de descripción rda
080 ## - NÚMERO DE LA CLASIFICACIÓN DECIMAL UNIVERSAL
Número de la Clasificación Decimal Universal 821.161.1.09
100 1# - ENTRADA PRINCIPAL--NOMBRE DE PERSONA
Relación aut
Nombre de persona Corbet, Charles
Término indicativo de función/relación Autor
9 (RLIN) 243121
240 13 - TÍTULO UNIFORME
Título uniforme La littérature russe.
Lenguaje de la obra Español
9 (RLIN) 243120
245 13 - MENCIÓN DEL TÍTULO
Título La literatura rusa /
Mención de responsabilidad, etc. Charles Corbet ; traducción castellana de Jesús García Tolsa
264 #1 - PRODUCCIÓN, PUBLICACIÓN, DISTRIBUCIÓN, FABRICACIÓN Y COPYRIGHT
Producción, publicación, distribución, fabricación y copyright Barcelona :
Nombre del de productor, editor, distribuidor, fabricante Vergara Editorial,
Fecha de producción, publicación, distribución, fabricación o copyright 1958
300 ## - DESCRIPCIÓN FÍSICA
Extensión 230 páginas ;
Dimensiones 18 cm
336 ## - TIPO DE CONTENIDO
Fuente rdacontent
Término de tipo de contenido Texto
337 ## - TIPO DE MEDIO
Fuente rdamedia
Nombre/término del tipo de medio sin mediación
338 ## - TIPO DE SOPORTE
Fuente rdacarrier
Nombre/término del tipo de soporte volumen
490 0# - MENCIÓN DE SERIE
Mención de serie Nuevos horizontes ;
Designación de volumen o secuencia 17
500 ## - NOTA GENERAL
Nota general Registro provisional
500 ## - NOTA GENERAL
Nota general Firma de J. Porto en la anteportada
504 ## - NOTA DE BIBLIOGRAFÍA, ETC.
Nota de bibliografía, etc. Bibliografía: páginas 223 (página sin numerar)-225. Índices
650 #4 - PUNTO DE ACCESO ADICIONAL DE MATERIA--TÉRMINO DE MATERIA
Término de materia o nombre geográfico como elemento de entrada Literatura rusa-
Subdivisión general Historia y crítica
9 (RLIN) 14663
700 1# - ENTRADA AGREGADA--NOMBRE PERSONAL
Relación trl
Nombre de persona García Tolsa, Jesús
Término indicativo de función/relación Traductor
9 (RLIN) 55332
852 ## - LOCALIZACIÓN
Ubicación ES-MaACL
Ubicación en estantería Despachos-biblioteca
Número de control de estantería DB-199
Donativo/Legado Donación: J. Porto
Encuadernación Encuadernación cartoné
Nota libre Firma de J. Porto
942 ## - ELEMENTOS DE ENTRADA SECUNDARIOS (KOHA)
Tipo de ítem Koha Libro impreso
Suprimir en OPAC No
Holdings
Estatus retirado Estado de pérdida Fuente del sistema de clasificación o colocación Estado de daño No para préstamo Biblioteca de origen Biblioteca actual Ubicación en estantería Fecha de adquisición Fuente de adquisición Total de préstamos Signatura topográfica completa Código de barras Visto por última vez Fecha del último préstamo Precio de reemplazo Tipo de ítem Koha Nota pública
    Clasificación decimal universal     Biblioteca del Ateneo de Madrid Biblioteca del Ateneo de Madrid Despachos-biblioteca 25/05/2026 Donación 6 DB-199 2026-0347 26/05/2026 26/05/2026 25/05/2026 Libro impreso Firma de J. Porto